000 00577cam a2200229 4500
001 B1216
008 090401t1989 xxu||||| |||| 00| 0 eng d
035 _a(Sirsi) u43224
041 _aeng
050 _a336.21
110 _aFuller Peiser
_92056
245 _a1990 not a year to be over-rated. - 1989 update
260 _aLondon
_bFuller Peiser
_c1989
300 _a16p. : ill. ; 30cm.
350 _a0
650 _aNON-DOMESTIC RATES
650 _aRATES AND RATING
650 _aREVALUATION
650 _aUNIFORM BUSINESS RATE
942 _n0
948 _c04/03/1997
999 _c91275
_d91275